'G' Movies by Poster Quiz Stats

Quiz Updated Jun 29, 2015

Challenge
Share
Tweet
Score 0/20 Timer 05:00
6 Plays Today
% Correct
The Godfather
97.7%
Grease
97.6%
Gladiator
95.7%
Ghostbusters
92.6%
Gremlins
91.4%
Good Will Hunting
90.3%
Groundhog Day
88%
Gandhi
87.1%
The Green Mile
85.1%
Goodfellas
82.5%
% Correct
Gone with the Wind
79.6%
Godzilla
76.1%
The Goonies
69.5%
Gangs of New York
67.3%
The Girl with the Dragon Tattoo
53.4%
Ghost Ship
51%
Gnomeo and Juliet
50.5%
Gran Torino
42.1%
Garden State
32%
The Great Escape
23.8%

You're not logged in!

Compare scores with friends on all Sporcle quizzes.
Join for Free
OR
Log In

You Might Also Like...

Show Comments

Extras

Top Quizzes Today


Score Distribution

Your Account Isn't Verified!

In order to create a playlist on Sporcle, you need to verify the email address you used during registration. Go to your Sporcle Settings to finish the process.

Report this User

Report this user for behavior that violates our Community Guidelines.

Details: